Statystyki dla Z jakiego kraju jest ten piłkarz grający w Premier Leauge?

Kliknij tutaj aby rozwiązać quiz!

Ogólne statystyki

  • Ten quiz został rozwiązany 658 razy
  • Średni wynik to 14 z 15

Statystyki odpowiedzi

piłkarznarodowość% Poprawnych
FernandinhoBrazylia
99%
Mateo KovacicChorwacja
98%
Hugo LlorisFrancja
98%
Marcus RashfordAnglia
97%
Heung-Min SonKorea Południowa
97%
Ilkay GundoganNiemcy
95%
Kasper SchmeichelDania
94%
Marcos AlonsoHiszpania
93%
Pierre-Emerick AubameyangGabon
91%
Riyad MahrezAlgieria
90%
Nemanja MaticSerbia
89%
Diogo JotaPortugalia
88%
Teemu PukkiFinlandia
84%
Wilfried ZahaWybrzeże Kości Słoniowej
77%
Aaron MooyAustralia
65%

Rozkład punktacji

Percentyl według liczby udzielonych odpowiedzi

Procent ludzi z każdym wynikiem

Twoja historia wyników

Nie rozwiązałeś tego quizu